| 000 | 00534nam a2200169 i 4500 | ||
|---|---|---|---|
| 001 | 88094 | ||
| 003 | ES-MaACL | ||
| 005 | 20230906175812.0 | ||
| 007 | t| | ||
| 008 | 050103s1988 sp ||||1| spa d | ||
| 020 | _a84-7030-310-4 | ||
| 100 | 1 |
_aLafourcade, Agustín. _969521 |
|
| 245 | 1 | 3 |
_aLa obra o influencia de todos y cada uno _b: (teoría y práctica de Psicología Fundamental) / _cAgustín Lafourcade. |
| 260 |
_aMadrid : _bBiblioteca Nueva, _c[1988] |
||
| 300 |
_a167 p. ; _c22 cm. |
||
| 852 |
_aES-MaACL _jL-13072 _bR.116251 |
||
| 999 |
_c88094 _d88094 |
||